00965nam a2200289 450000100060000001000180000602100140002409000100003810000410004810100080008910200070009720000960010420500130020021000450021321500240025822500270028230400340030967500190034367500280036270000290039070100260041970200370044580100160048285600970049899000080059599500720060346126 a9789896616595 b520425/23 a46126 a20231107d2023 c y0pory50030103ba1 apor aPT1 aEscuta bem, cãozinho!ftexto Steve Smallman , il. Daniel Howarthgtrad. Eugénia Antunes a1.ª ed. 9aAlfragidecLeya,cdist. Pingo Doced2023 a[25] p.cil.d26 cm2 aHora da históriav19 aTít. orig.: Listen up, pup! a087.5vBNzpor a821.111-93"20"vBNzpor 1aSmallman,bSteve,f1959- 1aHowarth,bDaniel4070 1aAntunes,bEugénia,f1972-4730 0aPTbBNgRPC41uhttp://rnod.bnportugal.gov.pt/ImagesBN/winlibimg.aspx?skey=&doc=2148266&img=185302&save=true cMON 10978132bBCERcBCERf83018k82-93 AA.VV. LIT. INF. JUV.o0rLIVROS